| 000 | 00367nam a2200109Ia 4500 | ||
|---|---|---|---|
| 008 | 190925s9999 xx 000 0 und d | ||
| 020 | _a9.7801945353e+012 | ||
| 100 | _aOxford University Press | ||
| 245 |
_cOxford University Press.-- _aOxford preparation course for the TOEIC test with key / |
||
| 260 |
_aOxford : _bOxford University press _c2000 |
||
| 300 | _a231 pages | ||
| 999 |
_c362213 _d362213 |
||